Prosa política /
Gardado en:
| Autor Principal: | |
|---|---|
| Formato: | Desconocido |
| Idioma: | Spanish |
| Publicado: |
Argentina :
Siglo XXI,
c2005.
|
| Series: | (Arte y pensamiento)
|
| Materias: | |
| Etiquetas: |
Engadir etiqueta
Sen Etiquetas, Sexa o primeiro en etiquetar este rexistro!
|
MARC
| LEADER | 000000000a22000000004500 | ||
|---|---|---|---|
| 001 | 002786 | ||
| 020 | |a 9871220057 | ||
| 041 | 0 | |a spa | |
| 082 | 0 | 4 | |a 322.1 |b F375p |
| 100 | 1 | |a Ferrari, León, |d 1920- | |
| 245 | 1 | 0 | |a Prosa política / |c León Ferrari. |
| 260 | 1 | |a Argentina : |b Siglo XXI, |c c2005. | |
| 300 | |a 242 páginas | ||
| 490 | 1 | |a (Arte y pensamiento) | |
| 500 | |a Colección George Yúdice | ||
| 650 | 4 | |a CRISTIANISMO Y POLITICA | |
| 650 | 4 | |a ARTE | |
| 650 | 4 | |a POLITICA | |
| 999 | |c 9142 |d 9142 | ||
| 942 | |c BK |h 322.1 F375p |2 z | ||



